Countries of North America Without a Map - Statistics

General Stats
  • This quiz has been taken 61 times
    43 since last reset
  • The average score is 21 of 23
Answer Stats
Initial Countries % Correct
B Belize
97%
E El Salvador
97%
H Honduras
97%
C Canada
94%
D Dominica
94%
D Dominican Republic
94%
G Guatemala
94%
J Jamaica
94%
M Mexico
94%
A Antigua andBarbuda
91%
B Barbados
91%
C Costa Rica
91%
C Cuba
91%
H Haiti
91%
N Nicaragua
91%
P Panama
91%
S Saint Lucia
91%
U United Statesof America
91%
B Bahamas
89%
G Grenada
89%
S Saint Vincent and the Grenadines
89%
T Trinidad and Tobago
89%
S Saint Kittsand Nevis
86%
No matching quizzes found
Score Distribution
Percent of People with Each Score
Percentile by Number Answered
Your Score History
You have not taken this quiz since the last reset